XML - efektivní programování pro .NET

Salvato in:
Dettagli Bibliografici
Autore principale: Esposito, Dino (Autore)
Natura: Libro
Lingua:ceco
Pubblicazione: Praha : Grada, 2004
Edizione:1. vyd
Soggetti:
Tags: Aggiungi Tag
Nessun Tag, puoi essere il primo ad aggiungerne!!

MARC

LEADER 00000nam a22000003a 4500
001 stu90783
005 20150617225625.5
008 041007s2004----xr------------------cze-d
020 |a 80-247-0775-6 
040 |a STU  |b slo 
041 0 |a cze 
044 |a xr 
080 |a 004.439 
100 1 |a Esposito, Dino  |4 aut 
245 1 |a XML - efektivní programování pro .NET 
250 |a 1. vyd 
260 |a Praha :  |b Grada,  |c 2004 
300 |a 596 s 
650 7 |a XML-jazyky programovacie  |2 stusub 
996 |b 284M060552  |c M*11487-1  |l MMKN  |s A  |a 24  |w stu90783_0001 
996 |b 284EK86545  |c E*86545  |l EE12  |s P  |a 0  |w stu90783_0002